UEFA European Championship Winning Countries - Sudden Death - Statistics

General Stats
  • This quiz has been taken 6,485 times
  • The average score is 6 of 10
Answers on the Grid
Answers color-coded by a green-red scale on the quiz's grid according to % correct below.
Austria
Belgium
Bulgaria
Croatia
Czechoslovakia
Denmark
England
Finland
France
Germany
Greece
Italy
Netherlands
Norway
Poland
Portugal
Scotland
Soviet Union
Spain
Sweden
Switzerland
Turkey
Ukraine
Wales
Yugoslavia
 
Answer Stats
Answer % Correct
France
79%
Germany
79%
Italy
74%
Portugal
70%
Spain
70%
Greece
62%
Denmark
57%
Netherlands
56%
Czechoslovakia
42%
Soviet Union
42%
No matching quizzes found
Score Distribution
Percent of People with Each Score
Percentile by Number Answered
Your Score History
You have not taken this quiz